<?xml version="1.0" encoding="UTF-8"?>
<record
    xmlns:xsi="http://www.w3.org/2001/XMLSchema-instance"
    xsi:schemaLocation="http://www.loc.gov/MARC21/slim http://www.loc.gov/standards/marcxml/schema/MARC21slim.xsd"
    xmlns="http://www.loc.gov/MARC21/slim">

  <leader>01313nam a2200361 a 4500</leader>
  <datafield tag="999" ind1=" " ind2=" ">
    <subfield code="c">7483</subfield>
    <subfield code="d">7483</subfield>
  </datafield>
  <controlfield tag="001">991041009089706706</controlfield>
  <controlfield tag="003">OSt</controlfield>
  <controlfield tag="005">20211202112932.0</controlfield>
  <controlfield tag="008">990420s1996    spcc   ||     000 ||cat  </controlfield>
  <datafield tag="015" ind1=" " ind2=" ">
    <subfield code="a">LL1999</subfield>
    <subfield code="2">bnc</subfield>
  </datafield>
  <datafield tag="017" ind1=" " ind2=" ">
    <subfield code="a">DL B. 25400-1996</subfield>
    <subfield code="b">Biblioteca de Catalunya</subfield>
  </datafield>
  <datafield tag="020" ind1=" " ind2=" ">
    <subfield code="a">8492132302</subfield>
  </datafield>
  <datafield tag="035" ind1=" " ind2=" ">
    <subfield code="a">(ES-BaCBU)b20779434-34csuc_network</subfield>
  </datafield>
  <datafield tag="035" ind1=" " ind2=" ">
    <subfield code="a">(ES-BaCBU).b20779434</subfield>
  </datafield>
  <datafield tag="035" ind1=" " ind2=" ">
    <subfield code="a">(ccuc001)b20779434</subfield>
  </datafield>
  <datafield tag="035" ind1=" " ind2=" ">
    <subfield code="a">(OCoLC)807317065</subfield>
  </datafield>
  <datafield tag="040" ind1=" " ind2=" ">
    <subfield code="a">ES-BaBC</subfield>
    <subfield code="b">cat</subfield>
    <subfield code="c">CDMR</subfield>
  </datafield>
  <datafield tag="080" ind1=" " ind2=" ">
    <subfield code="a">849.9-95"19"</subfield>
  </datafield>
  <datafield tag="100" ind1="1" ind2=" ">
    <subfield code="a">Obiols, Armand,</subfield>
  </datafield>
  <datafield tag="245" ind1="1" ind2="0">
    <subfield code="a">Buirac /</subfield>
    <subfield code="c">Armand Obiols ; pr&#xF2;leg de Josep M. Balaguer</subfield>
  </datafield>
  <datafield tag="260" ind1=" " ind2=" ">
    <subfield code="a">Sabadell :</subfield>
    <subfield code="b">Fundaci&#xF3; la Mirada,</subfield>
    <subfield code="c">1996</subfield>
  </datafield>
  <datafield tag="300" ind1=" " ind2=" ">
    <subfield code="a">196 p. :</subfield>
    <subfield code="b">retrat ;</subfield>
    <subfield code="c">19 cm</subfield>
  </datafield>
  <datafield tag="490" ind1="1" ind2=" ">
    <subfield code="a">Ragtime ;</subfield>
    <subfield code="v">4</subfield>
  </datafield>
  <datafield tag="650" ind1=" " ind2="7">
    <subfield code="a">Literatura catalana</subfield>
    <subfield code="x">Hist&#xF2;ria i cr&#xED;tica</subfield>
    <subfield code="v">Reculls d'escrits.</subfield>
    <subfield code="2">lemac</subfield>
  </datafield>
  <datafield tag="700" ind1="1" ind2=" ">
    <subfield code="a">Balaguer, Josep M.,</subfield>
  </datafield>
  <datafield tag="830" ind1=" " ind2="0">
    <subfield code="a">Ragtime ;</subfield>
    <subfield code="v">4</subfield>
  </datafield>
  <datafield tag="907" ind1=" " ind2=" ">
    <subfield code="a">.b20779434</subfield>
    <subfield code="b">24-03-21</subfield>
    <subfield code="c">07-05-08</subfield>
    <subfield code="d">07-05-08</subfield>
    <subfield code="e">m</subfield>
    <subfield code="f">a</subfield>
    <subfield code="g">-</subfield>
    <subfield code="h">cat</subfield>
    <subfield code="i">spc</subfield>
    <subfield code="j">0</subfield>
    <subfield code="k">8</subfield>
  </datafield>
  <datafield tag="908" ind1=" " ind2=" ">
    <subfield code="a">AHS</subfield>
    <subfield code="a">BC</subfield>
    <subfield code="a">UB</subfield>
    <subfield code="a">UdG</subfield>
    <subfield code="a">UAB</subfield>
    <subfield code="a">FBC</subfield>
    <subfield code="a">BMVB</subfield>
  </datafield>
  <datafield tag="940" ind1=" " ind2=" ">
    <subfield code="a">BC</subfield>
  </datafield>
  <datafield tag="942" ind1=" " ind2=" ">
    <subfield code="2">udc</subfield>
    <subfield code="c">MON</subfield>
  </datafield>
  <datafield tag="949" ind1=" " ind2=" ">
    <subfield code="a">1003001365</subfield>
    <subfield code="b">B 8au 979</subfield>
    <subfield code="c">1</subfield>
    <subfield code="d">0</subfield>
    <subfield code="e">0</subfield>
    <subfield code="f">29.07.03</subfield>
    <subfield code="g">1</subfield>
    <subfield code="k">1300</subfield>
    <subfield code="m">29.07.03</subfield>
    <subfield code="n">29.07.03</subfield>
    <subfield code="o">0</subfield>
    <subfield code="p">Fons: Biblioteca AHS (R. 8350)</subfield>
  </datafield>
  <datafield tag="949" ind1=" " ind2=" ">
    <subfield code="a">1003021679</subfield>
    <subfield code="b">D3 6158/1</subfield>
    <subfield code="c">2</subfield>
    <subfield code="d">10</subfield>
    <subfield code="e">0</subfield>
    <subfield code="f">27.08.14</subfield>
    <subfield code="g">1</subfield>
    <subfield code="k">1300</subfield>
    <subfield code="m">27.08.14</subfield>
    <subfield code="n">27.08.14</subfield>
    <subfield code="o">0</subfield>
    <subfield code="p">Fons: Biblioteca AHS (R. 14679)</subfield>
  </datafield>
  <datafield tag="952" ind1=" " ind2=" ">
    <subfield code="0">0</subfield>
    <subfield code="1">0</subfield>
    <subfield code="4">0</subfield>
    <subfield code="7">0</subfield>
    <subfield code="a">CDMR</subfield>
    <subfield code="b">CDMR</subfield>
    <subfield code="d">2021-12-02</subfield>
    <subfield code="e">Donaci&#xF3;</subfield>
    <subfield code="g">17.00</subfield>
    <subfield code="l">0</subfield>
    <subfield code="o">Du 5/48</subfield>
    <subfield code="p">CDMR21120015</subfield>
    <subfield code="r">2021-12-02</subfield>
    <subfield code="w">2021-12-02</subfield>
    <subfield code="y">MON</subfield>
  </datafield>
</record>
